| 000 | 00000nam 2200000za 4500 |
| 001 | 9.846665 |
| 003 | CaOODSP |
| 005 | 20241203113640 |
| 007 | cr ||||||||||| |
| 008 | 171106s1997 oncab||fo f000 0 eng d |
| 040 | |aCaOODSP|beng |
| 043 | |ae-ru---|ae-fi--- |
| 086 | 1 |aEn13-5/97-132E-PDF |
| 100 | 1 |aNekrasov, A. V. |
| 245 | 10|aReview of the environmental conditions in the Neva Bay and Eastern Gulf of Finland |h[electronic resource] / |cA.V. Nekrasov and C.R. Murthy. |
| 260 | |aBurlington, Ont. : |bEnvironment Canada, Water Science and Technology Directorate,|c[1997]. |
| 300 | |a20, [12] p. : |bill., maps |
| 490 | 1 |aNWRI contribution ; |v97-132 |
| 500 | |aDigitized edition from print [produced by Environment and Climate Change Canada]. |
| 504 | |aIncludes bibliographical references. |
| 520 | 3 |a"The subject of this review is the environmental situation in the Neva Bay and the Eastern Gulf of Finland - two connected water basins forming the eastern extremity of the Baltic Sea. Efforts are being made to assess this situation as reliably as possible and a way to direct its improvement are also being considered. An insight into the activity of certain Russian research organizations is given. Some proposals concerning the Canada/Russia cooperation in relevant research under the Baltic Floating University(BFU) and the 1996 Gulf of Finland Year (GOF-96) initiatives are also suggested"--Management perspective. |
| 692 | 07|2gccst|aLakes |
| 692 | 07|2gccst|aHydrography |
| 700 | 1 |aRajasekara Murthy, C.. |
| 710 | 1 |aCanada. |bEnvironment Canada. |
| 710 | 2 |aNational Water Research Institute (Canada) |
| 830 | #0|aNWRI contribution ;|vno. 97-132|w(CaOODSP)9.844121 |
| 856 | 40|qPDF|s1.32 MB|uhttps://publications.gc.ca/collections/collection_2017/eccc/En13-5-97-132-eng.pdf |